Livres par synonymes n°4 - Statistiques

Statistiques générales
  • Ce quiz a été pris 661 fois
  • Le résultat moyen est 5 sur 10
Statistiques - réponses
Titres détournés Titres % Correct
A la Joie des Demoiselles Au Bonheur des Dames
87%
Excursion au milieu de la planète bleue Voyage au centre de la Terre
80%
... ... et la Pièce des mystères Harry Potter et la Chambre des secrets
73%
Le Gentil Grand Titan Le Bon Gros Géant
60%
Le Récit de Goupyl Le Roman de Renart
47%
Le Fauve, la Magicienne pâle et le Placard enchanté Le Lion, la Sorcière blanche et l'Armoire magique
45%
L'Etang de Satan La Mare au Diable
39%
Le Docteur flottant Le Médecin volant
35%
Le Symbole du quattuor Le Signe des quatre
20%
Prophylaxie du meurtrier Hygiène de l'assassin
15%
Aucun quiz correspondant
Distribution des résultats
% des personnes avec chaque résultat
Percentile par nombre de réponses
Votre historique - résultats
Vous n’avez pas pris ce quiz